Tổng tập văn học dân gian các dân tộc thiểu số Việt Nam

Sách giới thiệu truyện thơ của năm dân tộc: Ba Na, Chăm, Giáy, H'Mông, Mường và danh mục tài liệu về truyện thơ các dân tộc thiểu số Việt Nam.

保存先:
書誌詳細
第一著者: Nguyễn, Xuân Kính
フォーマット: 図書
言語:Undetermined
出版事項: Hà Nội Khoa học Xã hội 2008
主題:
タグ: タグ追加
タグなし, このレコードへの初めてのタグを付けませんか!
Thư viện lưu trữ: Trung tâm Học liệu Trường Đại học Cần Thơ
LEADER 00920nam a2200193Ia 4500
001 CTU_138653
008 210402s9999 xx 000 0 und d
082 |a 398.209597 
082 |b T455/T.21 
100 |a Nguyễn, Xuân Kính 
245 0 |a Tổng tập văn học dân gian các dân tộc thiểu số Việt Nam 
245 0 |c Nguyễn Xuân Kính ...[et al.] 
260 |a Hà Nội 
260 |b Khoa học Xã hội 
260 |c 2008 
520 |a Sách giới thiệu truyện thơ của năm dân tộc: Ba Na, Chăm, Giáy, H'Mông, Mường và danh mục tài liệu về truyện thơ các dân tộc thiểu số Việt Nam. 
650 |a Folk literature, vietnamese,Văn học dân gian, Việt Nam 
904 |i Trọng Hải (Mã hóa tác giả theo tên sách) 
980 |a Trung tâm Học liệu Trường Đại học Cần Thơ